Progressively Tougher World Capitals Quiz Stats

 Plays Quiz Updated Apr 19, 2019

Score 0/197 Timer 20:00
46 Plays Today
Country Capital city % Correct
????
100%
????
99.5%
????
99.5%
????
98.8%
????
98.1%
????
97.9%
????
97.3%
????
97.3%
????
97%
????
96.5%
????
95.7%
????
94.6%
????
94.3%
????
93.5%
????
92.3%
????
91.5%
????
91.3%
????
89.5%
????
89.5%
????
88%
????
87.6%
????
86.7%
????
86.2%
????
86.1%
????
85.8%
????
85.6%
????
84.4%
????
84.1%
????
83.3%
????
83.1%
????
83%
????
82.5%
????
81.9%
????
81.2%
????
80.9%
????
80.8%
????
80%
????
79.4%
????
78.9%
????
78.2%
????
78.1%
????
78.1%
????
77.2%
????
76.7%
????
76.6%
????
76.4%
????
76.1%
????
74.8%
????
74.7%
????
73.8%
????
73.3%
????
72.8%
????
72.3%
????
71.5%
????
71.3%
????
70.5%
????
70%
????
69.8%
????
69.1%
????
68.5%
????
68.2%
????
68.1%
????
66.8%
????
66.3%
????
65.6%
????
65.6%
Country Capital city % Correct
????
64.3%
????
63.8%
????
63.3%
????
63.3%
????
62.8%
????
62.6%
????
61.8%
????
61.4%
????
60.6%
????
60.5%
????
59.7%
????
59.6%
????
59.4%
????
59.4%
????
58.2%
????
57%
????
56.9%
????
56.7%
????
56.6%
????
55.5%
????
55.2%
????
54.6%
????
54.1%
????
53.2%
????
51.9%
????
51%
????
50.9%
????
50.2%
????
49.8%
????
49.5%
????
49.3%
????
49.1%
????
48.2%
????
48.2%
????
47.9%
????
46.2%
????
46.2%
????
45.1%
????
45%
????
45%
????
44.7%
????
43.9%
????
43.7%
????
41.7%
????
41.6%
????
41.4%
????
41.4%
????
40.8%
????
40.6%
????
40.5%
????
40.1%
????
40.1%
????
40.1%
????
39.2%
????
38.9%
????
38.8%
????
38.1%
????
38%
????
38%
????
37.5%
????
37%
????
36.9%
????
36.6%
????
36.1%
????
36%
????
35.2%
Country Capital city % Correct
????
34.9%
????
34.8%
????
34.6%
????
34.2%
????
33.8%
????
33.5%
????
33.4%
????
33.1%
????
33%
????
32.9%
????
32.8%
????
32.4%
????
32.4%
????
31.7%
????
31.6%
????
31.6%
????
31%
????
31%
????
30.5%
????
30.4%
????
30.1%
????
29.8%
????
29.7%
????
29.3%
????
29.1%
????
29.1%
????
28.6%
????
28.4%
????
28.4%
????
28%
????
27.7%
????
27.7%
????
27.4%
????
27.2%
????
26.8%
????
26.7%
????
26.4%
????
26.3%
????
26.2%
????
25.8%
????
25.4%
????
25.2%
????
25.2%
????
24.9%
????
24.9%
????
24.5%
????
24.4%
????
24.1%
????
24%
????
23.6%
????
23.4%
????
23.2%
????
23.1%
????
22.5%
????
22.5%
????
22.3%
????
21.8%
????
21.7%
????
21.2%
????
20.9%
????
20.5%
????
20.5%
????
20%
????
19.8%
????
19.7%

You're not logged in!

Compare scores with friends on all Sporcle quizzes.
OR
Log In

Show Comments

Extras

Top Quizzes Today


Score Distribution

Your Account Isn't Verified!

In order to create a playlist on Sporcle, you need to verify the email address you used during registration. Go to your Sporcle Settings to finish the process.

Report this User

Report this user for behavior that violates our Community Guidelines.

Details: